Statistics for Flag Carrier Airlines #1

Click here to take the quiz!

General Stats

  • This quiz has been taken 70 times
  • The average score is 12 of 15

Answer Stats

CountryAirline% Correct
United KingdomBritish Airways
98%
FranceAir France
93%
NetherlandsKLM
93%
GermanyLufthansa
93%
IrelandAer Lingus
92%
ItalyAlitalia
92%
SpainIberia
92%
FinlandFinnair
85%
BelgiumBrussels Airlines
78%
LuxembourgLuxair
77%
SwitzerlandSwiss International Air Lines
68%
PortugalTAP Air Portugal
68%
NorwaySAS Scandinavian
52%
SwedenSAS Scandinavian
52%
DenmarkSAS Scandinavian
52%

Score Distribution

Percentile by Number Answered

Percent of People with Each Score

Your Score History

You have not taken this quiz